[Event "6th EICC"]
[Site "Warsaw POL"]
[Date "2005.06.20"]
[Round "3"]
[White "Azimi,R"]
[Black "Tzermiadianos,And"]
[Result "0-1"]
[WhiteElo "2144"]
[BlackElo "2453"]
[EventDate "2005.06.18"]

1. e4 c5 2. Nf3 Nc6 3. d4 cxd4 4. Nxd4 Nf6 5. Nc3 e6 6. Ndb5 d6 7. Bf4 e5
8. Bg5 a6 9. Na3 b5 10. Nd5 Be7 11. Bxf6 Bxf6 12. c3 O-O 13. Nc2 Bg5 14. a4
bxa4 15. Rxa4 Bb7 16. h4 Bh6 17. g4 Bf4 18. Qf3 a5 19. Bc4 Ne7 20. Nxf4
exf4 21. O-O Ng6 22. Bd5 Bxd5 23. exd5 Qxh4 24. Rfa1 Qg5 25. Nd4 h5 26.
Rxa5 Nh4 27. Qe4 Rae8 28. Ne6 fxe6 29. dxe6 Qxg4+ 30. Kf1 Qh3+ 0-1

[Event "6th EICC"]
[Site "Warsaw POL"]
[Date "2005.06.20"]
[Round "3"]
[White "Fedorchuk,S"]
[Black "Bednarek,S"]
[Result "1-0"]
[WhiteElo "2577"]
[BlackElo "2321"]
[EventDate "2005.06.18"]

1. e4 e5 2. Nf3 Nc6 3. Bc4 Nf6 4. d3 h6 5. O-O d6 6. c3 g6 7. d4 Bg4 8. Qb3
Qd7 9. Bxf7+ Qxf7 10. Qxb7 Kd7 11. d5 Ne7 12. Qxa8 Nxe4 13. Nbd2 Ng5 14.
Nxg5 hxg5 15. Ne4 Be2 16. Re1 Bg7 17. Qxa7 Qxd5 18. Ng3 Nf5 19. Qa4+ Bb5
20. Qg4 Rh4 21. Qxg5 Qf7 22. Nxf5 Bf6 23. Nh6 Qg7 24. Qe3 Qh7 25. h3 1-0

[Event "6th EICC"]
[Site "Warsaw POL"]
[Date "2005.06.20"]
[Round "3"]
[White "Jobava,Ba"]
[Black "Galego,L"]
[Result "1-0"]
[WhiteElo "2637"]
[BlackElo "2493"]
[EventDate "2005.06.18"]

1. c4 Nf6 2. d4 d6 3. Nc3 Nbd7 4. Nf3 e5 5. g3 Be7 6. Bg2 O-O 7. O-O exd4
8. Nxd4 Re8 9. Qc2 Bf8 10. e4 c6 11. h3 a5 12. Be3 Nc5 13. Rad1 Qb6 14. b3
a4 15. Rb1 axb3 16. axb3 Qb4 17. Bd2 Qb6 18. Rfd1 Ncxe4 19. Nxe4 Nxe4 20.
Bxe4 Qxd4 21. Bxh7+ Kh8 22. Bc3 Qc5 23. Rd4 Be7 24. Re1 Be6 25. Rxe6 fxe6
26. Rg4 e5 27. Qg6 Bf6 28. Bg8 1-0

[Event "6th EICC"]
[Site "Warsaw POL"]
[Date "2005.06.20"]
[Round "3"]
[White "Sokolov,I"]
[Black "Frolyanov,D"]
[Result "1-0"]
[WhiteElo "2662"]
[BlackElo "2505"]
[EventDate "2005.06.18"]

1. d4 d5 2. c4 e6 3. Nf3 c6 4. e3 f5 5. Bd3 Nf6 6. O-O Bd6 7. b3 O-O 8. Nc3
b6 9. Bb2 Ne4 10. Ne2 Bb7 11. Ne5 Nd7 12. cxd5 exd5 13. f3 Ng5 14. Qc2 Qc7
15. h4 Ne4 16. fxe4 Bxe5 17. dxe5 fxe4 18. Bxe4 dxe4 19. Nf4 Nxe5 20. Ne6
Rxf1+ 21. Rxf1 Qd6 22. Nxg7 c5 23. Nf5 Qe6 24. Bxe5 Qxe5 25. Nh6+ Kg7 26.
Ng4 Qe7 27. Qb2+ Kg6 28. Rf6+ 1-0

[Event "6th EICC"]
[Site "Warsaw POL"]
[Date "2005.06.20"]
[Round "3"]
[White "Zaja,I"]
[Black "Aleksandrov,A"]
[Result "0-1"]
[WhiteElo "2489"]
[BlackElo "2635"]
[EventDate "2005.06.18"]

1. d4 Nf6 2. c4 e6 3. Nf3 d5 4. Nc3 Bb4 5. Bg5 Nbd7 6. cxd5 exd5 7. Qc2 c5
8. dxc5 h6 9. Bd2 O-O 10. e3 Bxc5 11. Be2 a6 12. Rd1 b5 13. Bc1 Bb7 14. Qf5
Re8 15. O-O Bd6 16. Qh3 b4 17. Nb1 Bc8 18. Nd4 Nf8 19. Nf5 h5 20. b3 Re5
21. Bd3 g6 22. Nh6+ Kg7 23. Qh4 Kxh6 24. f4 Re8 25. Qg5+ Kg7 26. Bb2 Bg4
0-1

[Event "6th EICC"]
[Site "Warsaw POL"]
[Date "2005.06.20"]
[Round "3"]
[White "Pavlovic,Mi"]
[Black "Petrosian,TL"]
[Result "1/2-1/2"]
[WhiteElo "2475"]
[BlackElo "2599"]
[EventDate "2005.06.18"]

1. d4 Nf6 2. c4 e6 3. Nc3 Bb4 4. e3 c5 5. Nge2 O-O 6. a3 cxd4 7. axb4 dxc3
8. Nxc3 b6 9. Be2 Bb7 10. O-O d5 11. cxd5 Nxd5 12. Bf3 Na6 13. Nxd5 exd5
14. Bd2 Qd6 15. Bc3 Nc7 16. Qd4 Qg6 17. Qe5 Nb5 18. Rfd1 Rfe8 19. Qg3 Nxc3
20. bxc3 Qf6 21. c4 Qe7 22. cxd5 Qxb4 23. d6 Bxf3 24. Qxf3 Red8 25. d7 h6
26. Qb7 a5 27. g3 Rdb8 28. Qc7 Qf8 29. Rab1 Qd8 30. Qxd8+ 1/2-1/2

[Event "6th EICC"]
[Site "Warsaw POL"]
[Date "2005.06.20"]
[Round "3"]
[White "Movsesian,S"]
[Black "Iljin,A"]
[Result "1-0"]
[WhiteElo "2628"]
[BlackElo "2484"]
[EventDate "2005.06.18"]

1. e4 e5 2. Nf3 Nf6 3. d4 Nxe4 4. Bd3 Nc6 5. Bxe4 d5 6. Bg5 f6 7. Nxe5 dxe4
8. Qh5+ g6 9. Nxg6 hxg6 10. Qxg6+ Kd7 11. Bxf6 Rh6 12. Qf5+ Ke8 13. Qxe4+
Be7 14. Be5 Nxe5 15. dxe5 Rh4 16. f4 Qd7 17. g3 Rh6 18. Nc3 c6 19. Rd1 Qh3
20. Rd2 Bf5 21. Qf3 Qh5 22. Qe3 Qg6 23. Kd1 b6 24. Kc1 Kf7 25. Ne2 Be4 26.
Rf1 Rxh2 27. f5 Bxf5 28. Qe4 Kg7 29. Qxf5 Qxf5 30. Rxf5 Rh1+ 31. Rd1 Rxd1+
32. Kxd1 Rd8+ 33. Ke1 Rd5 34. Nf4 Ra5 35. a3 1-0

[Event "6th EICC"]
[Site "Warsaw POL"]
[Date "2005.06.20"]
[Round "3"]
[White "Mastrovasilis,D"]
[Black "Thorfinnsson,Br"]
[Result "1-0"]
[WhiteElo "2562"]
[BlackElo "2442"]
[EventDate "2005.06.18"]

1. e4 c5 2. Nf3 d6 3. d4 cxd4 4. Nxd4 Nf6 5. Nc3 a6 6. Be3 e5 7. Nb3 Be6 8.
f3 Be7 9. Qd2 O-O 10. O-O-O Nbd7 11. g4 b5 12. g5 b4 13. Ne2 Ne8 14. f4 a5
15. f5 a4 16. fxe6 axb3 17. exf7+ Rxf7 18. Kb1 bxc2+ 19. Kxc2 Rf3 20. Nc1
Qc7+ 21. Kb1 Qc6 22. Bd3 Nc7 23. Rhf1 Rxf1 24. Rxf1 d5 25. exd5 Nxd5 26.
Nb3 Nxe3 27. Qxe3 Rf8 28. Rd1 Nc5 29. Rc1 Rc8 30. Qxe5 Bf8 31. Nxc5 Bxc5
32. Qf5 1-0

[Event "6th EICC"]
[Site "Warsaw POL"]
[Date "2005.06.20"]
[Round "3"]
[White "Williams,Si"]
[Black "Andersson,U"]
[Result "1/2-1/2"]
[WhiteElo "2466"]
[BlackElo "2579"]
[EventDate "2005.06.18"]

1. e4 e6 2. d4 d5 3. Nc3 Nf6 4. Bg5 dxe4 5. Nxe4 Be7 6. Bxf6 gxf6 7. Nf3 b6
8. Bc4 Bb7 9. Qe2 c6 10. O-O Qc7 11. Nh4 f5 12. Nxf5 exf5 13. Ng5 Rf8 14.
Rfe1 Qd6 15. Nxh7 Nd7 16. Nxf8 Nxf8 17. Qe5 Qxe5 18. Rxe5 Bc8 19. Rae1 Be6
20. d5 cxd5 21. Bxd5 O-O-O 22. Bxe6+ fxe6 23. R5e3 Bf6 24. c3 Rd2 25. R3e2
Rd6 26. g3 Kd7 27. Rc2 Ke7 28. Kf1 Nd7 29. Ke2 Rc6 30. Rd1 Rc7 31. f4 b5
32. Kf3 b4 33. c4 Nc5 1/2-1/2

[Event "6th EICC"]
[Site "Warsaw POL"]
[Date "2005.06.20"]
[Round "3"]
[White "Cvitan,O"]
[Black "Kharlov,A"]
[Result "0-1"]
[WhiteElo "2481"]
[BlackElo "2628"]
[EventDate "2005.06.18"]

1. c4 e6 2. Nc3 d5 3. d4 c6 4. e4 dxe4 5. Nxe4 Bb4+ 6. Bd2 Qxd4 7. Bxb4
Qxe4+ 8. Be2 Na6 9. Ba5 f6 10. Nf3 b6 11. Bc3 Ne7 12. O-O O-O 13. Re1 Qf4
14. b4 Qc7 15. Bd3 Rf7 16. Qc2 h6 17. a3 Bd7 18. Re3 Nf5 19. Re2 Rd8 20.
Rae1 Qc8 21. g4 Ne7 22. Nh4 e5 23. h3 Nc7 24. f4 Bxg4 25. hxg4 Qxg4+ 26.
Ng2 Ne6 27. fxe5 f5 28. Rf2 f4 29. Re4 Qg3 30. Bf1 Ng5 31. Be1 f3 32. Rd2
Nh3+ 0-1

[Event "6th EICC"]
[Site "Warsaw POL"]
[Date "2005.06.20"]
[Round "3"]
[White "Jones,G"]
[Black "Nataf,IA"]
[Result "0-1"]
[WhiteElo "2439"]
[BlackElo "2559"]
[EventDate "2005.06.18"]

1. e4 c5 2. Nf3 Nc6 3. c3 Nf6 4. e5 Nd5 5. Bc4 Nb6 6. Bb3 c4 7. Bc2 Qc7 8.
Qe2 g5 9. e6 dxe6 10. Nxg5 Qe5 11. d4 cxd3 12. Bxd3 Qxe2+ 13. Bxe2 h6 14.
Ne4 f5 15. Bh5+ Kd8 16. Nc5 e5 17. Bf7 e6 18. Nxe6+ Ke7 19. Nc7 Kxf7 20.
Nxa8 Nxa8 21. f4 Bc5 22. fxe5 Nxe5 23. b4 Bb6 24. Kd1 Bd7 25. a4 Bc6 26. a5
Bxg2 27. Re1 Bc7 28. Be3 Nd3 29. Rg1 Bf3+ 30. Kc2 Be4 31. Bd4 Be5 32. Bxe5
Nxe5+ 33. Kb3 Bd5+ 34. Kc2 Nc7 35. Nd2 Rc8 36. Raf1 Kf6 37. Rg3 Nb5 38. Kb2
Nd6 39. Rfg1 Ne4 40. Nxe4+ Bxe4 41. Re3 Ke6 42. Rge1 Kd5 43. Rd1+ Kc4 44.
Rd2 Nd3+ 45. Ka1 Rg8 46. Rde2 Kxc3 0-1

[Event "6th EICC"]
[Site "Warsaw POL"]
[Date "2005.06.20"]
[Round "3"]
[White "Graf,A"]
[Black "Kovchan,A"]
[Result "1-0"]
[WhiteElo "2632"]
[BlackElo "2488"]
[EventDate "2005.06.18"]

1. d4 Nf6 2. c4 g6 3. Nc3 d5 4. cxd5 Nxd5 5. e4 Nxc3 6. bxc3 Bg7 7. Bb5+ c6
8. Ba4 O-O 9. Nf3 c5 10. O-O cxd4 11. cxd4 Bg4 12. Rb1 Nc6 13. d5 Nd4 14.
Bb2 Bxf3 15. gxf3 e5 16. f4 b5 17. fxe5 Bxe5 18. f4 Ne2+ 19. Qxe2 Bxb2 20.
Bxb5 Bd4+ 21. Kh1 Rb8 22. Qd3 Qb6 23. Bc6 Bb2 24. e5 Qc5 25. Qe2 Bd4 26.
Qe4 Rxb1 27. Rxb1 Kg7 28. d6 Bc3 29. Bd5 Qf2 30. Qd3 Bd2 31. Rf1 Qe3 32.
Qxe3 Bxe3 33. Kg2 Rc8 34. f5 gxf5 35. Rxf5 Rc2+ 36. Kf3 Rc3 37. Rxf7+ Kg6
38. Rc7 1-0

[Event "6th EICC"]
[Site "Warsaw POL"]
[Date "2005.06.20"]
[Round "3"]
[White "Izoria,Z"]
[Black "Maze,S"]
[Result "1-0"]
[WhiteElo "2602"]
[BlackElo "2470"]
[EventDate "2005.06.18"]

1. d4 Nf6 2. c4 e6 3. Nf3 d5 4. Nc3 c5 5. cxd5 cxd4 6. Qxd4 Nxd5 7. e4 Nxc3
8. Qxc3 Nc6 9. a3 Bd7 10. Be2 Rc8 11. O-O Na5 12. Qd3 Bc6 13. Qe3 Ba4 14.
b4 Nb3 15. Bd1 Nc5 16. Bb2 Bb5 17. bxc5 Bxc5 18. Qc3 Bxf2+ 19. Rxf2 Rxc3
20. Bxc3 O-O 21. Bb4 Re8 22. Rc1 a5 23. Bc3 Qe7 24. a4 Bc6 25. Ne5 Qg5 26.
Bb2 Bxe4 27. Nxf7 Qe3 28. Bh5 Rf8 29. Rc7 h6 30. h4 Qe1+ 31. Rf1 Qg3 32.
Nxh6+ Kh7 33. Rxg7+ Qxg7 34. Bxg7 Rxf1+ 35. Kxf1 Kxg7 36. Nf7 Bd3+ 37. Ke1
1-0

[Event "6th EICC"]
[Site "Warsaw POL"]
[Date "2005.06.20"]
[Round "3"]
[White "Chuchelov,V"]
[Black "Khmelniker,I"]
[Result "1-0"]
[WhiteElo "2571"]
[BlackElo "2458"]
[EventDate "2005.06.18"]

1. Nf3 Nf6 2. c4 g6 3. Nc3 d5 4. Qa4+ Bd7 5. Qb3 dxc4 6. Qxc4 Bg7 7. e4 O-O
8. e5 Ng4 9. d4 Be6 10. Qb5 Qc8 11. h3 Nh6 12. Bc4 Bxc4 13. Qxc4 c6 14. Bg5
Qd7 15. Rd1 Na6 16. d5 Rae8 17. dxc6 Qxc6 18. Qxc6 bxc6 19. Rd7 f6 20. Bxh6
Bxh6 21. Rxa7 Nc5 22. O-O Nd3 23. exf6 Rxf6 24. b3 Bg7 25. Ne4 Rf4 26. Rd1
Nb4 27. Neg5 Bf6 28. Ra4 Nd5 29. Rxf4 Nxf4 30. Ne4 Bg7 31. g3 Nd5 32. Nd4
Nb4 33. a3 Rd8 34. axb4 e5 35. Kf1 exd4 36. Nc5 Rb8 37. Nd3 Bf8 38. Ne5
Rxb4 39. Nxc6 Rxb3 40. Rxd4 Rb2 41. Rd8 Kg7 42. Rd7+ Kg8 43. Ne5 Bc5 44.
Ng4 h5 45. Nf6+ Kf8 46. Ne4 Be7 47. Kg2 Rb3 48. Nd2 Rc3 49. h4 Ra3 50. Rb7
Rd3 51. Nf3 Bf6 52. Ng1 Rd2 53. Rb6 Kf7 54. Nh3 Kg7 55. Nf4 Kf7 56. Ra6 Kg7
57. Kf3 Kf7 58. Rc6 1-0

[Event "6th EICC"]
[Site "Warsaw POL"]
[Date "2005.06.20"]
[Round "3"]
[White "Evdokimov,Alexa"]
[Black "Fressinet,L"]
[Result "0-1"]
[WhiteElo "2503"]
[BlackElo "2638"]
[EventDate "2005.06.18"]

1. d4 d5 2. c4 c6 3. Nf3 Nf6 4. Nc3 dxc4 5. a4 Bf5 6. Nh4 Bg4 7. h3 Bh5 8.
g4 Bg6 9. Nxg6 hxg6 10. e3 e6 11. Bxc4 Bb4 12. Kf1 Nbd7 13. Kg2 Nd5 14. Qb3
a5 15. e4 N5b6 16. Bxe6 fxe6 17. Qxe6+ Kf8 18. Qxg6 Qf6 19. Qxf6+ Nxf6 20.
f3 Bxc3 21. bxc3 Nc4 22. Rb1 b6 23. h4 g6 24. Kf2 Rb8 25. Bf4 Rb7 26. Ke2
b5 27. Rb3 Nd7 28. Bg3 Rb6 29. axb5 cxb5 30. Rhb1 a4 31. Rxb5 a3 32. Rxb6
Ndxb6 33. d5 Ke7 34. Bf2 Na4 35. Rb7+ Kd8 36. Ra7 Ncb2 37. Ra8+ Kc7 38.
Rxh8 a2 39. Rh7+ Kc8 40. Rh8+ Kb7 41. Rh7+ Kb8 42. Rh8+ Kc7 43. Rh7+ Kd6
44. Bg3+ Kc5 45. Rc7+ Kb6 46. Rc6+ Kb5 47. c4+ Kb4 48. Rxg6 a1=Q 49. h5
Qd1+ 50. Ke3 Qg1+ 51. Bf2 Qc1+ 0-1

[Event "6th EICC"]
[Site "Warsaw POL"]
[Date "2005.06.20"]
[Round "3"]
[White "Abergel,T"]
[Black "Nevednichy,V"]
[Result "1-0"]
[WhiteElo "2456"]
[BlackElo "2566"]
[EventDate "2005.06.18"]

1. e4 g6 2. d4 Bg7 3. Nc3 d6 4. Be3 a6 5. a4 b6 6. Nf3 Bb7 7. Qd2 e6 8. Bd3
h6 9. O-O Nd7 10. Rad1 Ne7 11. Ne2 c5 12. c3 c4 13. Bc2 Qc7 14. Ng3 b5 15.
h3 d5 16. Bf4 Qb6 17. Rfe1 Kf8 18. h4 Rd8 19. e5 b4 20. h5 b3 21. Bb1 Ke8
22. hxg6 fxg6 23. Nh2 Nf8 24. Ng4 Ng8 25. Nf6+ Kf7 26. Re3 Ne7 27. Qe2 Bc8
28. Rf3 Nf5 29. Bc1 Qc6 30. Re1 a5 31. Nf1 Qxa4 32. g4 Nh4 33. Rh3 Bxf6 34.
exf6 g5 35. f4 Nfg6 36. fxg5 hxg5 37. Bxg5 Qd7 38. Nh2 e5 39. dxe5 Qa7+ 40.
Kf1 Be6 41. Nf3 Nxf3 42. Qxf3 Rdg8 43. Qh1 Rxh3 44. Qxh3 Ke8 45. Bf5 Nf8
46. Be3 Qc7 47. Bd4 a4 48. Ra1 Qc6 49. Kf2 Kd8 50. Qe3 Kc8 51. Qh6 Qd7 52.
f7 Qxf7 53. Rxa4 Kb8 54. Ra7 Qe8 55. Qf6 Rg6 56. Bxg6 Nxg6 57. Rg7 Nf8 58.
Qe7 1-0

[Event "6th EICC"]
[Site "Warsaw POL"]
[Date "2005.06.20"]
[Round "3"]
[White "Areshchenko,A"]
[Black "Kristjansson,St"]
[Result "1-0"]
[WhiteElo "2595"]
[BlackElo "2461"]
[EventDate "2005.06.18"]

1. Nf3 Nf6 2. c4 g6 3. g3 Bg7 4. Nc3 d5 5. cxd5 Nxd5 6. Bg2 O-O 7. O-O c5
8. Qc2 Nb4 9. Qb1 Bf5 10. d3 N8c6 11. a3 Na6 12. Be3 Rc8 13. Nh4 Be6 14.
Qc1 Na5 15. Rb1 Nb3 16. Qd1 Qd7 17. Nf3 h6 18. Ne4 Rfd8 19. Ned2 Nd4 20. h4
Nc7 21. Nc4 Bd5 22. Bxd4 cxd4 23. Nfd2 Bxg2 24. Kxg2 Ne6 25. Nf3 Rc5 26. b4
Rc7 27. a4 Qd5 28. Kg1 Rdc8 29. Nfd2 Qf5 30. Kh2 g5 31. Nf3 Bf6 32. e4 dxe3
33. fxe3 Rxc4 34. dxc4 Rxc4 35. Nd2 Qc2 36. Qe2 Rc3 37. Qf2 Qd3 38. Rbe1
Rc2 39. Re2 g4 40. Qg2 Bc3 41. Rff2 Bxb4 42. Qxb7 a5 43. Qb8+ Kg7 44. Qe5+
Kg8 45. Qh5 Qg6 46. Qd5 Nc5 47. Nc4 Rxe2 48. Rxe2 Nxa4 49. Qd8+ Kh7 50. Rf2
f6 51. Ne5 Qe4 52. Rxf6 exf6 53. Qd7+ Kh8 54. Qe8+ Kh7 55. Qf7+ Kh8 56.
Qxf6+ 1-0

[Event "6th EICC"]
[Site "Warsaw POL"]
[Date "2005.06.20"]
[Round "3"]
[White "Marzolo,C"]
[Black "Godena,M"]
[Result "1/2-1/2"]
[WhiteElo "2388"]
[BlackElo "2527"]
[EventDate "2005.06.18"]

1. d4 d5 2. c4 e6 3. Nc3 Bb4 4. cxd5 exd5 5. Nf3 Ne7 6. Bf4 O-O 7. e3 Bf5
8. Qb3 Nbc6 9. Be2 Bd6 10. Bxd6 Qxd6 11. O-O 1/2-1/2

[Event "6th EICC"]
[Site "Warsaw POL"]
[Date "2005.06.20"]
[Round "3"]
[White "Bente,B"]
[Black "Mchedlishvili,M"]
[Result "1/2-1/2"]
[WhiteElo "2218"]
[BlackElo "2518"]
[EventDate "2005.06.18"]

1. d4 Nf6 2. c4 g6 3. Nc3 Bg7 4. e4 d6 5. f4 O-O 6. Nf3 Na6 7. Be2 e5 8.
fxe5 dxe5 9. d5 Nc5 10. Qc2 Nfxe4 11. Nxe4 Bf5 12. Bd3 Bxe4 13. Bxe4 f5 14.
Bxf5 gxf5 15. O-O Qe7 16. Bg5 Qd7 17. Be3 Qd6 18. Kh1 h6 19. Nh4 f4 20.
Bxc5 1/2-1/2

[Event "6th EICC"]
[Site "Warsaw POL"]
[Date "2005.06.20"]
[Round "3"]
[White "Murtez,H"]
[Black "Shomoev,A"]
[Result "0-1"]
[WhiteElo "2354"]
[BlackElo "2540"]
[EventDate "2005.06.18"]

1. Nf3 Nf6 2. c4 c5 3. Nc3 d5 4. cxd5 Nxd5 5. g3 Nc6 6. Bg2 Nc7 7. O-O e5
8. d3 Be7 9. Be3 Bd7 10. Rc1 Rc8 11. Nd2 O-O 12. Nc4 f6 13. Nd5 Nxd5 14.
Bxd5+ Kh8 15. Bg2 Be6 16. a3 Qd7 17. Re1 b5 18. Nd2 Nd4 19. Nf3 a5 20. Bxd4
cxd4 21. Qd2 b4 22. Rxc8 Rxc8 23. Rc1 bxa3 24. bxa3 Rxc1+ 25. Qxc1 Qa4 26.
Qc7 Qxa3 27. Qb8+ Bf8 28. h4 Kg8 29. Kf1 a4 30. Ne1 Qb3 31. Qa8 a3 32. f4
exf4 33. gxf4 a2 34. Kf2 Bf7 35. Bc6 Qa3 36. Qxa3 Bxa3 37. Nc2 Bb2 38. Bb5
Kf8 39. Bc4 Bxc4 40. dxc4 f5 41. Ke1 a1=Q+ 42. Nxa1 Bxa1 0-1

[Event "6th EICC"]
[Site "Warsaw POL"]
[Date "2005.06.20"]
[Round "3"]
[White "Socko,B"]
[Black "Gaprindashvili,V"]
[Result "1-0"]
[WhiteElo "2583"]
[BlackElo "2415"]
[EventDate "2005.06.18"]

1. e4 c6 2. d4 d5 3. e5 Bf5 4. Be3 e6 5. Nd2 Nd7 6. Nb3 Be7 7. f4 Qb6 8.
Nf3 h5 9. Be2 Nh6 10. O-O Bg4 11. h3 Nf5 12. Bf2 Bxf3 13. Bxf3 h4 14. c4
dxc4 15. d5 Qb5 16. dxe6 fxe6 17. Bh5+ Kd8 18. Nd2 Bc5 19. Be2 Bxf2+ 20.
Rxf2 Qxb2 21. Rb1 Qd4 22. Rxb7 Ne3 23. Qc1 Kc8 24. Nb3 Qd5 25. Bf3 Qd3 26.
Rd2 1-0

[Event "6th EICC"]
[Site "Warsaw POL"]
[Date "2005.06.20"]
[Round "3"]
[White "Romanov,E"]
[Black "Stocek,J"]
[Result "1/2-1/2"]
[WhiteElo "2437"]
[BlackElo "2585"]
[EventDate "2005.06.18"]

1. e4 e5 2. Nf3 Nc6 3. Bb5 Nf6 4. O-O d6 5. d4 Bd7 6. Nc3 Be7 7. b3 exd4 8.
Nxd4 Nxd4 9. Qxd4 Bxb5 10. Nxb5 Nd7 11. Ba3 O-O 12. Rad1 Re8 13. f4 a6 14.
Nc3 Nb6 15. Qf2 Qc8 16. Ne2 Qe6 17. Ng3 Rad8 18. c4 Bh4 19. Bb2 Qg6 20.
Rfe1 Bxg3 21. Qxg3 Qxg3 22. hxg3 Nd7 23. Bd4 f6 24. Kf2 Kf7 25. Kf3 h6 26.
Bf2 a5 27. a3 Ra8 28. Ra1 1/2-1/2

[Event "6th EICC"]
[Site "Warsaw POL"]
[Date "2005.06.20"]
[Round "3"]
[White "L'Ami,E"]
[Black "Tazbir,M"]
[Result "1/2-1/2"]
[WhiteElo "2515"]
[BlackElo "2322"]
[EventDate "2005.06.18"]

1. d4 d5 2. c4 dxc4 3. Nf3 Nf6 4. e3 a6 5. Bxc4 b5 6. Be2 Bb7 7. O-O Nbd7
8. a4 b4 9. Nbd2 e6 10. Nc4 c5 11. Bd2 Be7 12. dxc5 Bxc5 13. Ne1 a5 14. Nd3
Be7 15. f3 Nb6 16. Nde5 O-O 17. e4 Bc5+ 18. Kh1 Nfd7 19. Nxd7 Qxd7 20. Be3
Qxd1 21. Rfxd1 Bxe3 22. Nxe3 Rfd8 23. Bb5 Kf8 24. Rac1 Rxd1+ 25. Rxd1 Ke7
26. Kg1 Rc8 27. Kf2 Rc5 28. Ke2 g5 29. b3 Bc6 30. Bxc6 Rxc6 31. g3 Rc3 32.
Rd3 Rc5 33. Kd2 f6 34. h3 Nd7 35. Nc4 1/2-1/2

[Event "6th EICC"]
[Site "Warsaw POL"]
[Date "2005.06.20"]
[Round "3"]
[White "Postny,E"]
[Black "Guseinov,El"]
[Result "1-0"]
[WhiteElo "2556"]
[BlackElo "2391"]
[EventDate "2005.06.18"]

1. d4 Nf6 2. c4 c5 3. d5 b5 4. cxb5 a6 5. f3 e6 6. e4 c4 7. Bxc4 Bc5 8. Nc3
O-O 9. Nge2 axb5 10. Bxb5 Qb6 11. Bc4 Bb7 12. Qb3 Qa7 13. Bg5 Na6 14. O-O-O
exd5 15. exd5 Be3+ 16. Bxe3 Qxe3+ 17. Kb1 Rab8 18. Ne4 Qh6 19. Nxf6+ Qxf6
20. Qc3 Qg6+ 21. Bd3 Qb6 22. Qd4 Nc5 23. Rd2 Rfc8 24. Ng3 Qa5 25. Nh5 f6
26. Qg4 g5 27. Nxf6+ Kf7 28. Qf5 Na4 29. Nxd7+ Ke7 30. Re1+ Kd8 31. Qf6+
Kc7 32. Qe5+ 1-0

[Event "6th EICC"]
[Site "Warsaw POL"]
[Date "2005.06.20"]
[Round "3"]
[White "Siebrecht,S"]
[Black "Halkias,S"]
[Result "1-0"]
[WhiteElo "2438"]
[BlackElo "2549"]
[EventDate "2005.06.18"]

1. d4 e6 2. Nf3 d5 3. c4 c5 4. cxd5 exd5 5. Nc3 Nc6 6. g3 Nf6 7. Bg2 Be7 8.
O-O O-O 9. Bg5 c4 10. Ne5 Be6 11. b3 Qa5 12. Na4 Rfd8 13. Bxf6 gxf6 14.
Nxc6 bxc6 15. e3 Rab8 16. Qh5 Rb5 17. Bh3 Bxh3 18. Qxh3 Ba3 19. Qf5 Kg7 20.
h4 Qc7 21. Qc2 Qa5 22. Nc3 Rb6 23. Ne2 c5 24. Rfd1 cxd4 25. Rxd4 Qc5 26.
bxc4 Rc8 27. Rad1 dxc4 28. Rd5 Qc7 29. Nd4 c3 30. Nf5+ Kg8 31. Rd7 Qe5 32.
Nh6+ Kf8 33. Rxf7+ Ke8 34. Qxh7 Bf8 35. Rxf8+ 1-0

[Event "6th EICC"]
[Site "Warsaw POL"]
[Date "2005.06.20"]
[Round "3"]
[White "Nyback,T"]
[Black "Babujian,L"]
[Result "1-0"]
[WhiteElo "2551"]
[BlackElo "2386"]
[EventDate "2005.06.18"]

1. d4 Nf6 2. c4 g6 3. Nc3 d5 4. cxd5 Nxd5 5. e4 Nxc3 6. bxc3 Bg7 7. Nf3 c5
8. Rb1 O-O 9. Be2 Nc6 10. d5 Ne5 11. Nxe5 Bxe5 12. Rb3 Qc7 13. Qd2 a6 14.
f4 Bg7 15. c4 b5 16. O-O b4 17. e5 a5 18. Bb2 a4 19. Rg3 Ra6 20. Bd3 Rb6
21. Bb1 Ba6 22. Qe2 Qd7 23. Be4 a3 24. Ba1 f5 25. Bd3 b3 26. axb3 Qb7 27.
Qc2 Rxb3 28. Bxf5 Rxg3 29. Be6+ Kh8 30. hxg3 Rb8 31. Bg4 Kg8 32. Be6+ Kh8
33. Rc1 Qb4 34. Kf2 Qa5 35. Bc3 Qd8 36. Rh1 Qe8 37. f5 Qf8 38. f6 Bh6 39.
d6 exd6 40. Rxh6 Qxh6 41. exd6 1-0

[Event "6th EICC"]
[Site "Warsaw POL"]
[Date "2005.06.20"]
[Round "3"]
[White "Filippov,Va"]
[Black "Brkic,A"]
[Result "1/2-1/2"]
[WhiteElo "2621"]
[BlackElo "2477"]
[EventDate "2005.06.18"]

1. c4 e5 2. g3 Nf6 3. Bg2 d5 4. cxd5 Nxd5 5. Nc3 Nb6 6. Nf3 Nc6 7. O-O Be7
8. Rb1 Be6 9. b4 f6 10. b5 Nd4 11. a4 O-O 12. d3 Qd7 13. Nd2 Rab8 14. Bb2
Kh8 15. a5 Nc8 16. Ba1 Nd6 17. a6 N4xb5 18. axb7 c6 19. Qc1 Bh3 20. Bxh3
Qxh3 21. Na4 Qd7 22. Nc5 Qe8 23. d4 exd4 24. Ne6 Rg8 25. Nb3 Rxb7 26. Nbxd4
Nxd4 27. Nxd4 Rxb1 28. Qxb1 c5 29. Ne6 Qc6 30. Rd1 Rc8 31. Nf4 c4 32. Nd5
Bf8 33. h4 Qe8 34. Qa2 Qf7 35. Qa5 Ne4 36. Qa6 Rc5 37. Nc3 Nxc3 38. Bxc3
Rd5 39. Rb1 Rd8 40. Qc6 Kg8 41. Rb7 Rd6 42. Qf3 Qd5 43. Qxd5+ Rxd5 44. Rxa7
Rd1+ 45. Kg2 Rc1 46. Bd4 Bb4 47. Kf3 Bd2 48. Rc7 c3 49. h5 Kf8 50. e3 h6
51. g4 Rc2 52. Ke4 Ra2 53. Kd3 Be1 54. f3 Rf2 55. Ke4 c2 56. f4 Bb4 57. Bb2
Re2 58. Bc1 Kg8 59. Rc4 Ba5 60. Kd3 Rg2 61. Rxc2 Rxg4 62. Ke4 Bb4 63. Rb2
Rg1 64. Rxb4 Rxc1 65. Kf5 Kh7 66. e4 Rh1 67. e5 fxe5 68. fxe5 Rxh5+ 69. Ke6
Rh1 70. Kf7 Rf1+ 71. Ke7 g5 72. e6 Kg6 73. Re4 Ra1 74. Kd7 Ra7+ 75. Kd6
1/2-1/2

[Event "6th EICC"]
[Site "Warsaw POL"]
[Date "2005.06.20"]
[Round "3"]
[White "Iordachescu,V"]
[Black "Mastrovasilis,A"]
[Result "1-0"]
[WhiteElo "2609"]
[BlackElo "2473"]
[EventDate "2005.06.18"]

1. e4 e5 2. Nf3 Nc6 3. Bb5 a6 4. Ba4 Nf6 5. O-O Be7 6. Re1 b5 7. Bb3 d6 8.
c3 O-O 9. h3 Bb7 10. d4 Re8 11. Nbd2 Bf8 12. a3 h6 13. Bc2 Nb8 14. b4 Nbd7
15. Bb2 g6 16. d5 c6 17. c4 Nb6 18. c5 Nbd7 19. dxc6 Bxc6 20. cxd6 Rc8 21.
Nb3 Ba8 22. Rc1 Rc6 23. Na5 Rxd6 24. Qe2 Qb8 25. Bb1 Bg7 26. Qc2 Nh5 27. g3
Qd8 28. Qc7 Qf6 29. Re3 Nf8 30. Ba2 Rd7 31. Qc2 Qb6 32. Nb3 Ne6 33. Nc5
Nxc5 34. bxc5 Qc7 35. c6 Rdd8 36. a4 Nf6 37. axb5 axb5 38. Rc3 Nh5 39. Rc5
b4 40. Qb3 Kh7 41. Qxf7 Re7 42. Qb3 Rf8 43. Qe3 Bf6 44. Bd5 Ng7 45. Ra1 Ne6
46. Rca5 Bxc6 47. Ra7 Qd6 48. Rxe7+ Bxe7 49. Bxe5 Qc5 50. Bxe6 Qxe3 51.
fxe3 Rxf3 52. Ra7 1-0

[Event "6th EICC"]
[Site "Warsaw POL"]
[Date "2005.06.20"]
[Round "3"]
[White "Cao Sang"]
[Black "Tregubov,P"]
[Result "1/2-1/2"]
[WhiteElo "2488"]
[BlackElo "2612"]
[EventDate "2005.06.18"]

1. e4 c5 2. Nf3 Nc6 3. Nc3 g6 4. Bb5 Bg7 5. Bxc6 bxc6 6. d3 e5 7. O-O d6 8.
Bg5 Nf6 9. Qc1 h6 10. Bd2 g5 11. Ne1 Be6 12. b3 O-O 13. f3 Nh5 14. g3 f5
15. exf5 Bxf5 16. g4 Bxg4 17. fxg4 Rxf1+ 18. Kxf1 Qf6+ 19. Kg1 Rf8 20. Ng2
Qf2+ 21. Kh1 Nf4 22. Bxf4 exf4 23. Ne4 Qd4 24. Rb1 d5 25. c3 Qxd3 26. Nxc5
Qh3 27. Qe1 f3 28. Qe6+ Kh7 29. Ne3 f2 30. Rf1 Qf3+ 31. Ng2 Qd1 32. Ne3
Qf3+ 33. Ng2 Qd1 34. Ne3 Qe2 35. Qe7 Qf3+ 36. Ng2 Qd1 37. Ne3 Qf3+ 38. Ng2
Qd1 1/2-1/2

[Event "6th EICC"]
[Site "Warsaw POL"]
[Date "2005.06.20"]
[Round "3"]
[White "Aronian,L"]
[Black "Kornev,Alexei"]
[Result "1-0"]
[WhiteElo "2693"]
[BlackElo "2565"]
[EventDate "2005.06.18"]

1. c4 c6 2. Nc3 d5 3. d4 Nf6 4. e3 e6 5. Nf3 a6 6. b3 Bb4 7. Bd2 O-O 8. Bd3
Nbd7 9. O-O Qe7 10. Qe1 a5 11. Bc2 dxc4 12. bxc4 e5 13. a3 Bd6 14. Nh4 g6
15. f4 exd4 16. exd4 Bxa3 17. Qg3 Nh5 18. Qf2 Ndf6 19. Rfe1 Qd8 20. Rxa3
Ng4 21. Qf3 Qxh4 22. h3 Ngf6 23. Rf1 Qg3 24. f5 Qd6 25. Ne2 Bxf5 26. Bxf5
gxf5 27. c5 Qd5 28. Bh6 Qxf3 29. Raxf3 Rfe8 30. Ng3 Re6 31. Rxf5 Ng4 32.
Rg5+ Rg6 33. Nf5 Rxg5 34. Ne7+ Kh8 35. Bxg5 Ng3 36. hxg4 h6 37. Bf6+ Kh7
38. Re1 1-0

[Event "6th EICC"]
[Site "Warsaw POL"]
[Date "2005.06.20"]
[Round "3"]
[White "Ftacnik,L"]
[Black "Macieja,B"]
[Result "1/2-1/2"]
[WhiteElo "2540"]
[BlackElo "2613"]
[EventDate "2005.06.18"]

1. d4 Nf6 2. c4 e6 3. Nc3 Bb4 4. e3 O-O 5. Bd3 c5 6. Nge2 d5 7. cxd5 cxd4
8. exd4 Nxd5 9. O-O Nc6 10. Nxd5 exd5 11. Nf4 Bd6 12. Be3 Be6 13. Qh5 g6
14. Nxe6 fxe6 15. Bxg6 hxg6 16. Qxg6+ Kh8 17. Qh6+ Kg8 18. Qg6+ 1/2-1/2